00801nam a2200205 4500001000700000003000900007005001700016007000300033008004100036100002700077245017400104250001200278260003300290300003500323700003700358700003700395852002200432999001900454952012200473120167ES-MaACL20230906191459.0t|070214s1963 sp r ||||1| spa d1 aPipes, Louis A.99231510aMatemáticas aplicadas para ingenieros y físicos / cLouis A. Pipes ; traducido por Tomás Gómez de Dios ; con la revisión técnica de: Rafael Gómez de Ureta. a2ª ed. aMadrid : bCastillo, c1963. aXII, 723 p. : bil. ; c24 cm.1 aGómez de Dios, Tomás.9578911 aGómez de Ureta, Rafael.957924 aES-MaACLjC-22899 c120167d120167 00104070aATENEOMbATENEOMcDEPO2d2008-01-17eSCl0oC-22899p1125256r2023-02-23 00:00:00w2023-02-23yMONOGRAFIA